Datum a čas kvízu
31
Celkem bodů
Celkový počet nahraných bodů na tomto kvízu bez doplňovacích otázek.
6.
Pořadí na kvízu
Konečné umístění týmu na tomto kvízu.
Zaznamenané odpovědi
| # | Otázka | Odpověď | Body | Výsledky |
|---|---|---|---|---|
| 1. | Který český politik zveřejnil... | Vít Rakušan | 1 | |
| 2. | Švédské království ve čtvrtek... | 32. členem | 1 | |
| 3. | Slavnostnímu předávání Oscarů... | Medvídek Pú / Winnie the Pooh | 0 | |
| 4. | Ve středu vstoupila na český t... | Partners | 1 | |
| 5. | Velmi kuriózní situace nastala... | Buffalo (Sabres), Edmonton (Oilers) | 0 | |
| 6. | Začneme prvním českým králem p... | Přemysl Otakar II., 1278 | 1 | |
| 7. | Další „slavnou“ prohrou, která... | ve Francii | 1 | |
| 8. | V bitvě u Lipan, kterou řadí m... | Jan Roháč (z Dubé) | 0 | |
| 9. | Bitva na Bílé hoře v roce 1620... | D) 2 hodiny | 1 | |
| 10. | Napište jména dvou mužů, kteří... | Neville Chamberlain, Édouard Daladier | 1 |